Petzi e o irmão mais novo (Registo nº 3810)

Detalhes MARC
000 -Etiqueta do registo
Cabeçalho 00783nam0a2200241 4500
005 - Identificador da versão
Campo de controlo 20240813122044.0
100 ## - Dados gerais de processamento
Dados gerais de processamento 20170317d1980 c y0pory5003 ba
102 ## - Pais de publicação ou produção
País de publicação Portugal
101 1# - Língua de publicação
Língua do texto, banda sonora, etc. Português
Língua do documento no original Dinamarquês
215 ## - Descrição física 
Indicação específica da natureza do documento e extensão da espécie [32] p.
Outras indicações físicas il. color
200 1# - Titulo e menção de responsabilidade
Título próprio Petzi e o irmão mais novo
Primeira menção de responsabilidade texto e ilustrações de Carla e Vilhelm Hansen
Outras menções de responsabilidade versão portuguesa de Ana Paula Guimarães
225 1# - Colecção 
Título próprio da colecção Petzi
Indicação de volume 22
210 ## - Publicação, Distribuição, etc. 
Lugar da edição, distribuição, etc. Lisboa
Nome do editor, distribuidor, etc. Verbo
Data da publicação, distribuição, etc. [1980?]
Data da impressão imp. 1980
606 ## - Nome comum usado como assunto
Número de registo de entrada de autoridade 0001809
Palavra de ordem Literatura dinamarquesa
Subdivisão de assunto Banda desenhada
Código do sistema CA
675 ## - Classificação Decimal Universal (CDU)
Notação 821.113.4(084.11)
Edição 3ª ed.
Língua da edição por
702 #1 - Nome de autor-pessoa física (responsabilidade secundária)
Número de registo de entrada de autoridade 0000119
Palavra de ordem Hansen
Outra parte do nome não tomada para palavra de ordem Vilhelm
Código de função Ilustrador / Técnico de desenho computorizado
Número de registo de entrada de autoridade 0001810
Palavra de ordem Guimarães
Outra parte do nome não tomada para palavra de ordem Ana Paula
Código de função Adaptador
700 #1 - Nome de autor-pessoa física (responsabilidade principal)
Número de registo de entrada de autoridade 0000118
Palavra de ordem Hansen
Outra parte do nome não tomada para palavra de ordem Carla
966 ## - Identificação da Biblioteca
Sigla EBVEN
942 ## - Elementos de entrada adicionados (Koha)
Tipo de item no Koha Livro
Exemplares
Situação do levantamento Origin of item (home branch) (coded) Biblioteca de empréstimo Código de barras Cota Circulation type (not for loan) Tipo de documento Nota do exemplar Damaged status
  Biblioteca Escolar das Vendas Biblioteca Escolar das Vendas BEV92 8BD HAN   Livro Sem mensagem